Pattern classification
| Main Author: | |
|---|---|
| Format: | Unknown |
| Published: |
Wiley
|
| Edition: | 2nd ed. |
| LEADER | 00233 a2200097 4500 | ||
|---|---|---|---|
| 020 | |a 9788126511167 | ||
| 100 | |a Richard O. Duda, Peter E. Hart, David G. Stork | ||
| 245 | |a Pattern classification | ||
| 250 | |a 2nd ed. | ||
| 260 | |b Wiley | ||
| 999 | |c 41032 |d 41032 | ||